Best Players Of All Time On Every NBA Team - Statistics

General Stats
  • This quiz has been taken 2,252 times
    2,153 since last reset
  • The average score is 23 of 31
Answer Stats
Team Answer % Correct
Chicago Bulls Michael Jordan
95%
Cleveland Cavaliers Lebron James
93%
Boston Celtics Bill Russel
92%
Dallas Mavericks Dirk Nowitzki
88%
Miami Heat Dwayne Wade
84%
Los Angeles Lakers Magic Johnson
81%
San Antonio Spurs Tim Duncan
81%
Detroit Pistons Isaiah Thomas
80%
Oklahoma City Thunder Russell Westbrook
80%
Atlanta Hawks Dominique Wilkins
79%
Utah Jazz Karl Malone
79%
Minnesota Timberwolves Kevin Garnett
79%
Indiana Pacers Reggie Miller
78%
Golden State Warriors Wilt Chamberlain
78%
New York Knicks Patrick Ewing
76%
Los Angeles Clippers Chris Paul
75%
Phoenix Suns Steve Nash
75%
New Orleans Pelicans Anthony Davis
74%
Houston Rockets Hakeem Olajuwon
73%
Toronto Raptors Vince Carter
73%
Brooklyn Nets Jason Kidd
72%
Milwaukee Bucks Kareem Abdul-Jabbar
71%
Memphis Grizzlies Marc Gasol
71%
Orlando Magic Shaq O'neal
71%
Seattle Super Sonics** Gary Payton
70%
Philadelphia 76ers Julius Erving
70%
Portland Trailblazers Clyde Drexler
68%
Sacramento Kings Oscar Robertson
66%
Denver Nuggets Alex English
59%
Charlotte Hornets Alonzo Mouring
46%
Washington Wizards Gilbert Arenas
31%
No matching quizzes found
Score Distribution
Percent of People with Each Score
Percentile by Number Answered
Your Score History
You have not taken this quiz since the last reset